Invalidný dôchodok

Podmienky nároku na invalidný dôchodok a určenie jeho výšky.

Gespeichert in:
Bibliographische Detailangaben
1. Verfasser: Novotná, Eleonóra
Weitere Verfasser: Kasanická, Kornélia
Format: Buchkapitel
Sprache:Slowakisch
Schlagworte:
Tags: Tag hinzufügen
Keine Tags, Fügen Sie das erste Tag hinzu!

MARC

LEADER 00000naa a2200000 4500
001 r045137
005 20230919120601.7
041 0 |a slo 
044 |a SK 
245 1 0 |a Invalidný dôchodok  |c Eleonóra Novotná, Kornélia Kasanická 
520 |a Podmienky nároku na invalidný dôchodok a určenie jeho výšky. 
610 2 0 |a starostlivosť sociálna 
610 2 0 |a invalidi 
610 2 0 |a invalidita 
610 2 0 |a zákony 
610 2 0 |a úpravy právne 
610 2 0 |a dôchodky invalidné 
610 2 0 |a dôchodky invalidné čiastočné 
610 2 0 |a Slovensko 
100 1 |a Novotná, Eleonóra 
700 1 |a Kasanická, Kornélia